| 000 | 01604nam a2200349 a 4500 | ||
|---|---|---|---|
| 001 | ebr10417240 | ||
| 003 | CaPaEBR | ||
| 006 | m u | ||
| 007 | cr cn||||||||| | ||
| 008 | 101209r20092008ii a s 000 0 eng d | ||
| 020 | _z9788173175732 | ||
| 040 |
_aCaPaEBR _cCaPaEBR |
||
| 035 | _a(OCoLC)698586639 | ||
| 050 | 1 | 4 |
_aQA76.76 _b.I576 2009eb |
| 100 | 1 | _aSingh, Vishnu P. | |
| 245 | 1 | 0 |
_aQuick reference for professionals and new users _h[electronic resource] : _bMS Office 2007 : MS Word 2007, MS Excel 2008, PowerPoint 2007, Access 2007 and Outlook 2007 / _cVishnu Priya Singh. |
| 250 |
_a2nd rev. ed. / _bwith MS Office SharePoint Designer 2007. |
||
| 260 |
_aNew Delhi, India : _bCompuTech Publications Ltd., _c2009, 2008. |
||
| 300 |
_a456 p. : _bill. |
||
| 505 | 0 | _apt. 1. MS Word 2007 -- pt. 2. MS Excel 2007 -- pt. 3. MS Powerpoint 2007 -- pt. 4 MS Access 2007 -- pt. 5. MS Outlook 2007 -- pt. 6. MS Office SharePoint Designer 2007. | |
| 533 |
_aElectronic reproduction. _bPalo Alto, Calif. : _cebrary, _d2011. _nAvailable via World Wide Web. _nAccess may be limited to ebrary affiliated libraries. |
||
| 630 | 0 | 0 | _aMicrosoft Office. |
| 630 | 0 | 0 | _aMicrosoft Word. |
| 630 | 0 | 0 | _aMicrosoft Excel (Computer file) |
| 630 | 0 | 0 | _aMicrosoft Access. |
| 630 | 0 | 0 | _aMicrosoft PowerPoint (Computer file) |
| 650 | 0 | _aIntegrated software. | |
| 650 | 0 |
_aBusiness _xComputer programs. |
|
| 655 | 7 |
_aElectronic books. _2local |
|
| 710 | 2 | _aebrary, Inc. | |
| 856 | 4 | 0 |
_uhttp://site.ebrary.com/lib/rucke/Doc?id=10417240 _zAn electronic book accessible through the World Wide Web; click to view |
| 999 |
_c85126 _d85126 |
||